000 00744nam a2200193Ii 4500
003 JO-AjNU
008 230605s9999||||xx |||||||||||||| ||und||
040 _aJO-AjNU
_bara
_erda
_cJO-AjNU
041 _aara
050 1 4 _aHT421 .U3388 1992
100 3 _aتأليف: عودة، محمود ؛ تقديم: حسن الساعاتي,
_eauthor
_918148
245 0 0 _aدراسات في علم الاجتماع الريفي
264 3 1 _aالاسكندرية: دار المعرفة الجامعية، 1992
300 _a217ص
_bيحتوي على ببلوغرافية من 214-217ص
336 _atext
_btxt
_2rdacontent
337 _aunmediated
_bn
_2rdamedia
338 _avolume
_bnc
_2rdacarrier
650 4 _aعلم الاجتماع الريفي
_918149
999 _aA5749
_c9317
_d9317